Curso de Derecho Civil
-д хадгалсан:
| Үндсэн зохиолч: | |
|---|---|
| Бусад зохиолчид: | |
| Формат: | Ном |
| Хэл сонгох: | испани |
| Хэвлэсэн: |
Santiago, Chile
Nascimento
1957
|
| Нөхцлүүд: | |
| Шошгууд: |
Шошго нэмэх
Шошго байхгүй, Энэхүү баримтыг шошголох эхний хүн болох!
|
MARC
| LEADER | 00000nam a2200000 a 4500 | ||
|---|---|---|---|
| 001 | UCV3094 | ||
| 003 | CL-VaPUC | ||
| 005 | 20230602123653.0 | ||
| 008 | 930329e19570000CL |||||||||||||||||spa|d | ||
| 999 | |c 210440 |d 210438 | ||
| 040 | |c Pontificia Universidad Católica de Valparaíso | ||
| 082 | 0 | 4 | |a 346.04 ALE 1957 |2 21 |
| 100 | |a Alessandri Rodríguez, Arturo |e autor |9 605353 | ||
| 245 | 1 | 0 | |a Curso de Derecho Civil |
| 260 | 0 | 3 | |a Santiago, Chile |b Nascimento |c 1957 |
| 300 | |a volumen | ||
| 505 | |a v.2: de los bienes. | ||
| 583 | |a last modification |c 20160307 03:28:19 |k Rodrigo Vera | ||
| 650 | 0 | |a Derechos reales |9 257708 | |
| 650 | 7 | |a DOMINIO |2 CL-VaPUC |9 258676 | |
| 650 | 0 | |a Adquisición del dominio |9 258677 | |
| 650 | 0 | |a Accesión |9 258678 | |
| 650 | 7 | |a DERECHO |2 CL-VaPUC |9 297342 | |
| 650 | 0 | |a Acción y defensa |9 255089 | |
| 650 | 0 | |a Bienes |9 255749 | |
| 650 | 0 | |a Derecho de propiedad |9 256450 | |
| 650 | 0 | |a Fideicomiso |9 258680 | |
| 650 | 0 | |a Posesión |9 258681 | |
| 651 | 7 | |a CHILE |2 CL-VaPUC |9 297343 | |
| 700 | 0 | |a Somarriva Undurraga, Manuel |e autor |9 297341 | |
| 942 | |c BK |2 ddc | ||
| 945 | |d 19930329 00:00:00 | ||
| 952 | |0 0 |1 0 |2 ddc |4 0 |6 346_040000000000000_ALE_1957 |7 0 |8 A |9 186681 |a BIBDER |b BIBDER |d 2019-11-14 |h v.2 |i 2542668 |o 346.04 ALE 1957 |p 2542668 |r 2023-01-25 |t 3 |w 2019-11-14 |y BK |k DER | ||
| 952 | |0 0 |1 0 |2 ddc |4 0 |6 346_040000000000000_ALE_1957 |7 0 |8 A |9 186684 |a BIBDER |b BIBDER |d 2019-11-14 |h v.2 |i 2007703 |o 346.04 ALE 1957 |p 2007703 |r 2023-01-25 |t 1 |w 2019-11-14 |y BK |k DER | ||